| 000 | 00000nam##2200000za#4500 |
| 001 | 9.661961 |
| 003 | CaOODSP |
| 005 | 20200330132236 |
| 007 | ta |
| 008 | 150407|1999||||xxc||||| f|0| 0 eng|d |
| 020 | |a0-662-65064-6 |
| 040 | |aCaOODSP|beng |
| 041 | |aeng |
| 041 | |afre |
| 043 | |an-cn--- |
| 086 | 1 |aH39-501/1999-1 |
| 110 | 1 |aCanada. |bHealth Canada. |
| 245 | 10|aHealthy development of children and youth : |bthe role of the determinants of health: an overview |
| 260 | |aOttawa - Ontario : |bHealth Canada |c1999. |
| 300 | |aEnglish text, iii, 26p. : |billus., tables ; |c28 cm. |
| 500 | |aN.B.: Incorrect catalogue number (H39-501/1999E) and ISBN (0-662-28062-8) printed in this publication. "This booklet is a quick guide to the full report entitled Health development of children and youth: the role of the determinants of health.... it provides contextual information about the population health approach and the process of child development, as well as basic demographic information about Canada's children and youth."--Introduction. |
| 520 | 3 |aThis booklet is a quick guide to the full report entitled Health development of children and youth: the role of the determinants of health.... it provides contextual information about the population health approach and the process of child development, as well as basic demographic information about Canada's children and youth.--Introduction |
| 546 | |aBilingual |
| 563 | |aSoftcover |
| 590 | |a00-26|b2000-06-30 |
| 690 | 07|aChild development|2gcpds |
| 690 | 07|aHealth indicators|2gcpds |
| 690 | 07|aAdolescents|2gcpds |
| 776 | 0#|tLe développement sain des enfants et des jeunes : |w(CaOODSP)9.640483 |
| 776 | 0#|tHealthy development of children and youth : |w(CaOODSP)9.696368 |
| 792 | |tLe développement sain des enfants et des jeunes : |efre|w(CaOODSP)9.661962 |